| 000 | 00803nam a2200205 i 4500 | ||
|---|---|---|---|
| 001 | 185557 | ||
| 003 | ES-MaACL | ||
| 005 | 20230906222450.0 | ||
| 008 | 160711m19221923sp |||| | spa d | ||
| 245 | 0 | 0 |
_aPapeles de mi archivo. _pRelaciones de África / _crecopilados por Ignacio Bauer Landauer. |
| 260 |
_aMadrid : _bEdit. Ibero-Africano-Americana, _c1922-1923. |
||
| 300 |
_a5 v. ; _c27 cm. |
||
| 490 | 1 | _aBiblioteca hispano marroquí | |
| 505 | 8 | _at. 1. Ceuta y Melilla -- t. 2. Marruecos -- t. 3. Argel, Tunez, Trípoli -- t. 4. Argel t. 5. Los turcos en el Mediterráneo | |
| 651 | 4 |
_aEspaña- _xRelaciones- _zÁfrica. _9157092 |
|
| 700 | 1 |
_aBauer y Landauer, Ignacio. _926568 |
|
| 830 | 0 |
_aBiblioteca hispano marroquí _9183558 |
|
| 852 |
_aES-MaACL _jF-11528-32 |
||
| 999 |
_c185557 _d185557 |
||